| 000 | 00439cam a2200181ua 4500 | ||
|---|---|---|---|
| 020 | _c20.00 | ||
| 041 |
_aeng _h |
||
| 082 |
_a628.3 _bMCL/HO |
||
| 100 | _aMCL Munro, A J . | ||
| 245 |
_aHouse drainage practice / _cA J MCL Munro. _hTextual Documents |
||
| 250 |
_a2 / _b. |
||
| 260 |
_aLondon : _bAngus and Robertson ltd , _c1959. |
||
| 300 | _a95 ; . | ||
| 365 | _a20.00 | ||
| 504 | _a | ||
| 942 | _cBK | ||
| 999 |
_c9368 _d9368 |
||